| 000 | 00348nam a2200121Ia 4500 | ||
|---|---|---|---|
| 008 | 221030s9999 xx 000 0 und d | ||
| 041 | _aEnglish | ||
| 100 | _aC. S. Mishra | ||
| 245 | 0 |
_aAdvances in Research in Business & Finance, 2005 Vol. - VI. Risk Management Investment Management _cby C. S. Mishra |
|
| 260 | _c0 | ||
| 650 | _aMb | ||
| 942 | _cBK | ||
| 999 |
_c16495 _d16495 |
||